| 000 | 00408nam a2200169Ia 4500 | ||
|---|---|---|---|
| 008 | 230524s9999 xx 000 0 und d | ||
| 082 |
_a330 _bGUJ |
||
| 100 |
_aDamodar N.Gujarati _927457 |
||
| 245 | 0 | _aBasic Econometrics | |
| 250 | _a4TH | ||
| 260 |
_aNEW DELHI _bTMH _c2007 |
||
| 300 | _aXXIV;1021 | ||
| 500 | _aQuantity Number: 1 | ||
| 650 | _aEconomics | ||
| 700 |
_a Sangeetha _927458 |
||
| 942 | _cBK | ||
| 999 |
_c40443 _d40443 |
||